000 00306nam a22001337a 4500
008 170418b xxu||||| |||| 00| 0 eng d
020 _a0824765338
041 _aeng
080 _a573
100 _a11
101 _aSHM
245 _aTHE MOLECULAR BIOLOGY OF ANIMAL VIRUSES
_cNAYAK, D.P
942 _2udc
_cBK
999 _c11043
_d11043